| 000 | | | 04022nac2a22002651x 450 |
| 001 | | | 726d9990-e3b4-47e5-83f7-b2fcef46ae01 |
| 005 | | | 20131009215046.0 |
| 100 | ## | $a | 20130529l1927 k y0rusy50 ca |
| 101 | 0# | $a | rus |
| 102 | ## | $a | RU |
| 105 | ## | $a | y z ||||| |
| 200 | 1# | $a | Листовки "Общества попечения о бедных и больных детях", подписанные "А. К." [А. Ф. Кони] |
| | $j | [19--] |
| 215 | ## | $a | 3 листа |
| 251 | ## | $c | Дело |
| 300 | ## | $a | Заголовок дела на папке: Две листовки "Общества попечения о бедных и больных детях", подписанные "А. Ф. Кони" (Кони) |
| 300 | ## | $a | Типографский текст |
| 330 | ## | $a | Документальные материалы, отложившиеся в результате служебной и общественной деятельности А. Ф. Кони; Документальные материалы, отложившиеся в результате общественной деятельности А. Ф. Кони |
| 461 | #0 | $1 | 0013a54f2e3-e9cf-409b-80fa-f0a9bd3c40cb |
| | $1 | 2001 |
| | $a | Кони Анатолий Федорович, юрист, литератор, член академии наук, председатель Санкт-Петербургского окружного суда, член государственного совета |
| | $1 | 251 |
| | $c | Фонд |
| | $1 | 852 |
| | $j | 564 |
| 462 | #0 | $1 | 00178a475cd-a47d-4377-bff3-cee4b81de655 |
| | $1 | 2001 |
| | $a | Опись дел фонда А. Ф. Кони за 1880-1931 гг. |
| | $1 | 251 |
| | $c | Опись |
| | $1 | 852 |
| | $j | 1 |
| 517 | ## | $a | Две листовки "Общества попечения о бедных и больных детях", подписанные "А. Ф. Кони" (Кони) |
| 600 | #1 | $a | Кони |
| | $b | А. Ф. |
| | $f | 1844-1927 |
| | $g | Анатолий Федорович |
| 601 | 02 | $3 | RU\NLR\AUTH\889960844 |
| | $a | Петербургское о-во попечения о бедных и больных детях |
| 801 | #0 | $a | RU |
| | $b | GA_RF |
| 801 | #1 | $a | RU |
| | $b | НПО Опыт |
| | $c | 20130529 |
| | $2 | rusmarc |
| 801 | #2 | $a | RU |
| | $b | ПБ им. Б.Н. Ельцина |
| | $c | 20131009 |
| | $g | RCR |
| | $2 | rusmarc |
| 852 | ## | $a | ГА РФ |
| | $j | 784 |
| 937 | ## | $d | 38782326 |
| | $h | ПБ |
| 035 | ## | $a | RuPRLIB51001424 |